KAUZA: ŠKOLSKÝ ZÁKON

Bibliographic Details
Main Author: Medlen, Marián, 1947- (Author)
Format: Article
Language:Slovak

MARC

LEADER 00000nab a2200000uu 4500
001 vtls011489193
003 SK-MaSNL
005 20260303155835.0
008 230222|1997 xo |||||||||||||||||slo|
015 |a SNBRB 
035 |a (urnnbn)urn:nbn:sk:snk:ar-007hha 
035 |a (uuid)94b2f8fd-fc11-4524-bfa0-03590df4787d 
035 |a urn:nbn:sk:snk-abdeot 
040 |a SNKBUCL  |b slo  |c SNKBUCL  |e AACR2 
041 0 |a slo 
044 |a xo  |c SK 
100 1 |a Medlen, Marián,  |d 1947-  |4 aut  |9 206240 
245 1 0 |a KAUZA: ŠKOLSKÝ ZÁKON  |c Marian Medlen 
773 0 |t Škola - manažment, ekonomika, legislatíva : časopis o manažovaní škôl a školských zariadení, ekonomických a právnych aspektoch ich prevádzky  |g Roč. 2, č. 10 (1997), s. 2-4 
954 |a odborná, vedecká literatúra pôvodná (slovenská)  |2 lita 
958 |a OND 
958 |a EUIPO 
958 |a article18 
999 |c 2042849  |d 2044779